Southville International School and Colleges
Your cart is empty.
  • Cart
  • Lists
    Public lists Eva Luna New books Lux_list list_1
    Your lists Log in to create your own lists
  • Log in to your account
  • Your cookies
  • Search history
Southville International School and Colleges
  • Advanced search
  • Recent comments
  • Most popular
  • Libraries

Log in to your account

Log in with GOOGLE


If you do not have an external account, but do have a local account, you can still log in:

  1. Home
  2. MARC view: Zoophabets /
Normal view MARC view ISBD view

Zoophabets / (Record no. 102447)

[ view plain ]
MARC details
000 -LEADER
fixed length control field 00420nam a2200157 a 4500
005 - DATE AND TIME OF LATEST TRANSACTION
control field 20140412111236.0
008 - FIXED-LENGTH DATA ELEMENTS--GENERAL INFORMATION
fixed length control field 001111s19uu xx 00 eng d
020 ## - INTERNATIONAL STANDARD BOOK NUMBER
International Standard Book Number 0-590-30047-4
050 ## - LIBRARY OF CONGRESS CALL NUMBER
Classification number TR(GS 411
Item number T14 1979
100 ## - MAIN ENTRY--PERSONAL NAME
Personal name Tallon, Robert
245 ## - TITLE STATEMENT
Title Zoophabets /
Statement of responsibility, etc Robert Tallon.
260 ## - PUBLICATION, DISTRIBUTION, ETC. (IMPRINT)
Place of publication, distribution, etc New York :
Name of publisher, distributor, etc Scholastic Book Serv,
Date of publication, distribution, etc 1979.
300 ## - PHYSICAL DESCRIPTION
Extent 1 v. (unp.) ; ill.
650 ## - SUBJECT ADDED ENTRY--TOPICAL TERM
Topical term or geographic name as entry element Alphabet
Holdings
Withdrawn status Lost status Damaged status Home library Current library Shelving location Date acquired Source of acquisition Total Checkouts Full call number Barcode Date last seen Price effective from Koha item type
      Elizalde Library Elizalde Library Teachers Reference Section 11/11/2000     TR(GS 411 T14 1979 E1766 04/12/2014 04/12/2014 Books

Zoophabets /

APA

Tallon R., . (1979). Zoophabets. New York: Scholastic Book Serv.

Chicago

Tallon Robert, . 1979. Zoophabets. New York: Scholastic Book Serv.

Harvard

Tallon R., . (1979). Zoophabets. New York: Scholastic Book Serv.

MLA

Tallon Robert, . Zoophabets. New York: Scholastic Book Serv. 1979.

  • Place hold
  • Print
  • Cite
  • Add to your cart (remove)
  • Save record
    BIBTEX Dublin Core MARCXML MARC (non-Unicode/MARC-8) MARC (Unicode/UTF-8) MARC (Unicode/UTF-8, Standard) MODS (XML) RIS
  • More searches
    Search for this title in:
    Other Libraries (WorldCat) Other Databases (Google Scholar) Online Stores (Bookfinder.com) Open Library (openlibrary.org)

Exporting to Dublin Core...

SOUTHVILLE LIBRARY

Southville International School and Colleges Library

1281 Tropical Ave. Cor. Luxembourg St., BF Homes International, Las Pinas City

Tel. No. 8256374 / 252358 Loc. 117/146

Powered by Koha